000 05556cam a22018014i 4500
003 PE-LiUPU
005 20250813165913.0
008 150706s r 000 0 d
020 _a9789972022104
035 _a(Sirsi) i9789972022104
040 _aPE-LiUPU
_bspa
_cPE-LiUPU
_erda
049 _aPRUA
082 0 4 _a641.5946
_bM6
_221
245 0 1 _aMistura 2011 :
_b[restaurantes, huariques, carretillas y mercados] /
_cHirka Roca Rey Dietschi.
250 _a1a ed.
264 1 _aLima :
_bEl Comercio,
_c2011.
300 _a=300 \\
_apáginación variada :
_bilustraciones a color ;
_c22 cm.
336 _atext
_2rdacontent
337 _aunmediated
_2rdamedia
338 _avolume
_2rdacarrier
505 0 _aAdobo tacneño -- Aelopuelto -- Ají de gallina -- Ají relleno de Kamakoko -- Anticuchos de cerveza negra -- Anticuchos de pota -- Apatadito jugoso -- Arroz con leche -- Arroz con mariscos -- Arroz con pato -- Arroz con pato a la chiclayana -- Arroz con pato borracho -- Arroz con pato crujiente -- Arroz zambito -- Asado con locro de zapallo -- Bombitas de alegria -- Bricherita -- Cabrito a la norteña -- Cabrito a la norteña con tacu - tacu -- Cabrito lechal sobre puré de loche con criolla de caigua y limo -- Cachangas -- Cancacho -- Cangrejos reventados -- Carapulcra de chancho -- Causa embarcadero -- Cebiche de carajito -- Cebiche de choros -- Cebiche de pato confitado con naranjas agrias -- Cebiche de tramboyo -- Cebiche perfecto -- Cebiche sostenible -- Cebiche tipo's -- Champús de leche -- Chancho a la caja china -- Chanfainita -- Chaufa de pescado -- Cheesecake de piña -- Chi Jau Cuy -- Chicha 7 semillas -- Chicharrón de chancho a lo antaño -- Chicharrón de huevera de cojinova -- Chicharrón serrano de chancho -- Chilcano bravo -- Chorizo andino de cuy -- Chorizo casero y chinchulines -- Chupe de camarones -- Churros de café -- Churros de guanábana -- Costilla de lechón al horno macerada en chicha de guiñapo -- Cremolada de camu camu -- Cremolada de lúcuma -- Cuy apolítico -- El diego -- Emoliente andino API -- Emoliente aurea -- Empanada de asado -- Empanada de yuca rellena con cecina -- Empanada la chinita -- Encebichado de pescado -- Enrollado primavera -- Ensalada frutta -- Espaguetis a la huancaína -- Fetuccine en Bagna cauda de anchoveta.
526 _aP203
526 _aP200
526 _aSEG65
526 _aSEG64
526 _aSEG63
526 _aSEG62
526 _aSEG61
526 _aSEG60
526 _aSEG59
526 _aSEG58
526 _aSEG57
526 _aSEG56
526 _aSEG55
526 _aSEG54
526 _aSEG53
526 _aSEG52
526 _aSEG51
526 _aSEG50
526 _aSEG49
526 _aSEG48
526 _aSEG47
526 _aSEG46
526 _aSEG24
526 _aSEG23
526 _aSEG22
526 _aSEG21
526 _aSEG20
526 _aSEG19
526 _aSEG18
526 _aSEG17
526 _aSEG16
526 _aSEG14
526 _aSEG13
526 _aSEG12
526 _aSEG11
526 _aSEG10
526 _aSEG09
526 _aSEG06
526 _aSEG05
526 _aSEG04
526 _aSEG03
526 _aSEG02
526 _aSEG68
526 _aSEG66
526 _aSEG45
526 _aSEG25
526 _aSEG01
526 _aP163
526 _aP162
526 _aP161
526 _aP160
526 _aP159
526 _aP158
526 _aP157
526 _aP156
526 _aP155
526 _aP154
526 _aP153
526 _aP152
526 _aP151
526 _aP150
526 _aP149
526 _aP142
526 _aP141
526 _aP140
526 _aP139
526 _aP138
526 _aP137
526 _aP132
526 _aP131
526 _aP130
526 _aP126
526 _aP125
526 _aP124
526 _aP123
526 _aP115
526 _aP122
526 _aP121
526 _aP116
526 _a P114
526 _aP112
526 _aP111
526 _aP104
526 _aP103
526 _aP102
526 _aP101
526 _aP100
526 _aP96
526 _aP95
526 _aP93
526 _aP92
526 _aP91
526 _aP88
526 _aP83
526 _aP82
526 _aP79
526 _aP78
526 _aP75
526 _aP74
526 _aP71
526 _aP69
526 _a P51
526 _aP49
526 _aP48
526 _aP47
526 _aP33
526 _aP31
526 _a P30
526 _aP29
526 _aP27
526 _aP26
526 _aP25
526 _aP24
526 _a P22
526 _aP10
526 _aP09
526 _a P08
526 _aP06
526 _aP05
526 _aP04
526 _aP01
650 0 4 _aCocina peruana
_xRecetario
_vObras de divulgación.
700 1 _aRoca Rey Dietschi, Hirka,
_eed.
700 1 _aMiró Quesada R. Francisco,
_edir.
910 _agl
_clch
_d20130426
942 _2ddc
_cBOOK
949 _a641.5946 M6
_wDEWEY
_c1
_i66530
_lCCODEBUL1
_mBUL
_p20.00
_r0
_sY
_tBOOK
_u2015-7-6
_xBIBLIOTECA
_zUNKNOWN
_o.STAFF. Colección General
994 _aC0
_bPEPRU
596 _a1
999 _a641.5946 M6
_wDEWEY
_c54691
_i66530
_d54691
_e2017-6-12
_f2021-11-4
_g5
_lCCODEBUL1
_mBUL
_n2
_p20.00
_q1
_r0
_sY
_tBOOK
_u2015-7-6
_xSALUD
_zUNKNOWN
_o.STAFF. Colección General
980 _81
_gALBERTO SANCHEZ Responsable de Automatización